Quizzes
Events
Quiz Creation
Community
Videos
Private Events
Remove Ads
Sign In
Join for FREE
Feedback
Dark Mode
Quiz Categories
Sports
Geography
Music
Movies
Television
Just For Fun
Miscellaneous
History
Literature
Language
Science
Gaming
Entertainment
Religion
Holiday
For Kids
Quiz Lab
Recent
Popular Today
Quiz Kudos Today
Editor Picks
Curator Picks
Quizzes by...
Day
Popularity
Type
Ratings
Length
Year
Community
Subscriptions
Recent Discussions
Orange Saloon
Badges
Playlists
Quests
Create
Leaderboards
Showdown
Live 5
Trivia Bingo
Activity
Puzzle Library
Sporcle Events
Private Events
Virtual Trivia
Globe League
Become a Host
Pub Owners
SporcleCon
Opinionation
Our Games
Videos
Blog
Mobile Apps
Partnerships
Remove Ads and Go Orange
Feedback
Movies
Disney
Marvel Cinematic Universe
Movie Resume
Movie Titles
Oscar
Actor
Actress
Director
Pixar
Role
Movie Quotes
Movie Characters
Box Office
Nominee
Best Picture
Star Wars
James Bond
Horror Movies
Movies
Disney
Marvel Cinematic Universe
Movie Resume
Movie Titles
Oscar
Actor
Actress
Director
Pixar
Role
Movie Quotes
Movie Characters
Box Office
Nominee
Best Picture
Star Wars
James Bond
Horror Movies
Random Quiz
Search Sporcle
×
Quiz Lab
Quiz Lab
Movies
Final Destination
Type in answers that appear in a list
Type in answers that appear in a list
Classic
Best Score? Go Orange.
Final Destination Series Characters Stats
Can you name the Final Destination Series Characters?
By
RFitzgerald
10m
43 Questions
628 Plays
628 Plays
628 Plays
Comments
Comments
Give Quiz Kudos
Give Quiz Kudos
-
- Ratings
hide this ad
Replay
Link that replays current quiz
Next Quiz
Link to next quiz in quiz playlist
You Got
0%
They Got
Avg Score
50%
Avg Friend Score
Upgrade to see
Score Distribution
Jump to the score distribution portion of the page
Score
0/43
Timer
10:00
0
Plays Today
% Correct
Clear Rivers
89.6%
Alex Browning
88.2%
Billy Hitchcock
74.4%
Carter Horton
72.5%
Valerie Lewton
69.4%
Terry Chaney
68%
Nora Carpenter
60.5%
Tim Carpenter
60.5%
Tod Waggner
58.9%
Ian McKinley
57.6%
Eugene Dix
56.8%
Evan Lewis
56.2%
Erin Ulmer
56.2%
Rory Peters
55.9%
Wendy Christensen
55.7%
Kat Jennings
54.8%
Thomas Burke
54.1%
Kimberly Corman
52.7%
Kevin Fischer
52.1%
Julie Christensen
51.9%
Lewis Romero
50%
Nick O'Bannon
49.7%
% Correct
Candice Hooper
49.3%
Olivia Castle
48.4%
Sam Lawton
46.5%
Ashley Freund
46.5%
Carter Daniels
44.7%
Ashlyn Halperin
44.1%
Molly Harper
42%
Samantha Lane
41.1%
Isaac Palmer
40.8%
Lori Milligan
40.3%
Frank Cheeks
39.3%
Janet Cunningham
38.9%
Hunt Wynorski
38.4%
Peter Friedkin
37.7%
Perry Malinowski
37.3%
Dennis Lapman
37.2%
Andy Kewzer
34.2%
George Lanter
34.1%
Nathan Sears
34%
Nadia Monroy
33.3%
Jonathan Grove
29.9%
Quiz Playlist
Details
Report
Send in Message
Add To Playlist
Classic:
Type in answers that appear in a list
Last Updated: Feb 16, 2017
Quiz Scoreboard
CHALLENGE
Sign Up to Join the Scoreboard
Show All
Scores
Hide
Comments
May contain spoilers
Recently Published
Presidents Visiting Landmarks
by Hejman
History
7m
An Introduction to Baseball
by treessimontrees
Sports
5m
Movies - When Are They Set?
by FPL_Elf
Movies
5m
More to Explore
Quiz From the Vault
Featured Blog Post
Where Did the Easter Bunny Come From?
hide this ad
You Might Also Like...
Tags
Character
destination
final
Final Destination
Series
Today's Top Quizzes in Movies
Browse Movies
hide this ad
Top Contributed Quizzes in Movies
1
Pick 5 Posters: Directed by Spielberg
2
7-to-1: Pixar Characters
3
Pick 5 Posters: Lowest-Rated Spielberg
4
Pick 5 Posters: Directed by Scorsese
5
Pick 5 Posters: Star & Director
6
Sorting Actors
7
Sorting Actresses
8
12 Movies about Fictional 1960s Events
9
Multi-Oscar Nominations, One Movie, One Winner
10
Pick 5 Posters: Women Directed 2020s
Explore More
Trending Topics
Disney
Harry Potter
Marvel
Crossword
Anime
Kpop
NBA
Pokémon
Song
Puzzle
Soccer
Country
NFL
WWE
The Office
hide this ad
More By:
RFitzgerald
Quiz
Plays
Rating
Category
Featured
Created
Final Destination Series Characters
628
3.00
Movies
Feb 26, 2011
Maxim Hot 100 2011
177
5.00
Entertainment
May 5, 2011
Go to Creator's Profile
Score Distribution
Quiz Creator Spotlight
RFitzgerald
Follow
Send a Message
Quizzes Created
-
Created Quiz Play Count
-
More By This Creator
Popular Quizzes Today
1
Find the US States - No Outlines Minefield
2
Find the Countries of Europe - No Outlines Minefield
3
The Countries of the World
4
Find the US States
5
Popular People in 1961
6
US States
7
Risky Map Clicking: Biggest States A-Z
8
Movies - When Are They Set?
More Movies Quizzes
DC Extended Universe 7-to-1
Curator's Pick
Trending Quizzes
Risky Map Clicking: Least Populous States A-Z
1-10 Letter G Words
1-10 Letter F Words
Risky Map Clicking: Next State Alphabetically
Risky Map Clicking: Biggest States A-Z
Recently Updated
Leaping Animals
pecheneg
Reality TV Shows (A-Z)
bhenderson79
Rickey Henderson's Hall of Fame Teammates
pecheneg
Champions League XIs: Arsenal
pecheneg
Quick Pick: Celebrities in WWE's Hall of Fame
aduchscher
A-Z Keypad Blitz II
pecheneg
Multiple Oscar Actors
pecheneg
Mystery Phrase Blitz: Oscar 'Best Actors'
pecheneg
F. Scott Fitzgerald Novels
LTH
Pick 3 Villains
ddd62291
Trending Topics
Anime
Kpop
NBA
Harry Potter
Marvel
Disney
Crossword
Country
Soccer
NFL
WWE
Puzzle
The Office
Pokémon
Song
Your Account Isn't Verified!
In order to create a playlist on Sporcle, you need to verify the email address you used during registration. Go to your
Sporcle Settings
to finish the process.
Report this User
Report this user for behavior that violates our
Community Guidelines
.
Details:
Send Report
Go to the Sporcle.com Mobile Site →
Comments